00310pab a2200121 454500008004000000100001400040245005300054260000900107300001100116362001400127650003000141773001700171180718b1985 xxu||||| |||| 00| 0 eng d aVig, S.N. aSelect bibliography on human resource management c1985 a99-104 aApr.-June aManagement - Bibliography aProductivity